000 00597nam a2200229Ia 4500
003 OSt
005 20221006164133.0
006 a|||||r|||| 00| 0
007 ta
008 221006b |||||||| |||| 00| 0 eng d
024 _a6,894
037 _cTextual
040 _aFML
_cFML
_beng
041 _2eng
_aeng
082 _aNR44, 14, M5
100 _aAyyar C. S. Au.
_9676680
245 0 _aAcoustics For Music student
260 _aChennai
_bParampara India
_c1985
300 _a71
_ccm.
942 _hNR44, 14, M5
_cTEXL
_2CC
999 _c1116315
_d1116315